banner koha

Rendimento no desdobro de toras de itaúba (Mezilaurus itauba)e tauari (Couratari guianensis)segundo a classificação da qualidade da tora (Registro n. 233604)

MARC details
000 -LÍDER
campo de controle de tamanho fixo 00934nas a2200301 4500
001 - NÚMERO DE CONTROLE
campo de controle BR2013010104
003 - IDENTIFICADOR DO NÚMERO DE CONTROLE
campo de controle BR-BrBNA
005 - DATA E HORÁRIO DA ÚLTIMA TRANSAÇÃO
campo de controle 20231205123401.0
007 - CAMPO FIXO DE DESCRIÇÃO FÍSICA--INFORMAÇÃO GERAL
campo de controle de tamanho fixo ta
008 - CAMPO DE DADOS FIXOS--INFORMAÇÃO GERAL
campo de controle de tamanho fixo 230509b bl.|||p| |||| 00| 00por d
040 ## - FONTE DA CATALOGAÇÃO
Instituição da catalogação original BR-BrBNA
Idioma da catalogação por
Instituição que transcreveu o registro Biblioteca Nacional de Agricultura
041 ## - CÓDIGO DE IDIOMA
Código do idioma do texto/trilha sonora ou título diferente (Pt)
072 ## - CÓDIGO DE CATEGORIA DE ASSUNTO
Código de Categoria de Assunto K50
100 1# - ENTRADA PRINCIPAL--NOME PESSOAL
Nome pessoal Garcia, F.M.
100 1# - ENTRADA PRINCIPAL--NOME PESSOAL
Nome pessoal Manfio,m D.R.
100 1# - ENTRADA PRINCIPAL--NOME PESSOAL
Nome pessoal Sansígolo, C.A.
100 1# - ENTRADA PRINCIPAL--NOME PESSOAL
Nome pessoal Magalhães, P.A.D.
245 1# - TÍTULO
Título Rendimento no desdobro de toras de itaúba (Mezilaurus itauba)e tauari (Couratari guianensis)segundo a classificação da qualidade da tora
650 ## - ASSUNTO--TERMO TÓPICO
Cabeçalho tópico ou nome geográfico TAUARI
650 ## - ASSUNTO--TERMO TÓPICO
Cabeçalho tópico ou nome geográfico ITAUBA
650 ## - ASSUNTO--TERMO TÓPICO
Cabeçalho tópico ou nome geográfico TORA
650 ## - ASSUNTO--TERMO TÓPICO
Cabeçalho tópico ou nome geográfico RENDIMENTO
650 ## - ASSUNTO--TERMO TÓPICO
Cabeçalho tópico ou nome geográfico MATÉRIA-PRIMA
650 ## - ASSUNTO--TERMO TÓPICO
Cabeçalho tópico ou nome geográfico TAXONOMIA VEGETAL
773 0# - ENTRADA ANALÍTICA
Título Floresta e Ambiente (Brazil)
ISSN - International Standard Serial Number ISSN 1415-0980
Partes relacionadas (Oct-Dec 2012), v. 19(4) p. 468-474
Número de controle do registro BR2013010104
909 ## -
-- 202311
-- Lúcia
-- 55
-- Lúcia Elande
942 ## - ELEMENTOS DE ENTRADA ADICIONADOS (KOHA)
Fonte da classificação ou esquema de arquivamento na estante Classificação AGRIS
Ocultar no OPAC Não
Tipo de material Koha Analítica
Exemplares
Situação do descarte Fonte da classificação ou esquema de arquivamento na estante Situação física Não pode ser emprestado Biblioteca de origem Biblioteca atual Localização na estante Enumeração do periódico / cronologia Total de empréstimos Data de último acesso Número do exemplar Tipo de material Koha Fonte de aquisição
  Classificação AGRIS   Consulta local Biblioteca Nacional de Agricultura - Binagri Biblioteca Nacional de Agricultura - Binagri   (Oct-Dec 2012), v. 19(4) p. 468-474   29/11/2023 01 Periódicos Portaria Interministerial nº 164/94

BINAGRI

Telefone: (61)3218-2567/2388/3357/2097 - binagri@agro.gov.br

Ministério da Agricultura e Pecuária , Esplanada dos Ministérios, Bloco D, Anexo B, Brasília/DF, CEP: 70.043-900